Geologický atlas ČSSR 1:1 000 000

Gespeichert in:
Bibliographische Detailangaben
Format: Buch
Sprache:Tschechisch
Veröffentlicht: Praha Ústřední ústav geologický 1966
Tags: Tag hinzufügen
Keine Tags, Fügen Sie das erste Tag hinzu!

MARC

LEADER 00000nam a2200000 4500
001 c122607
005 20160713115044.2
041 0 |a cze 
044 |a CZ 
245 1 0 |a Geologický atlas ČSSR  |b 1:1 000 000 
264 1 |a Praha  |b Ústřední ústav geologický  |c 1966 
300 |a 7 máp